Medioevo y renacimiento: estudios e investigaciones
Salvato in:
| Autore principale: | |
|---|---|
| Natura: | Libro |
| Lingua: | spagnolo |
| Pubblicazione: |
Madrid
Taurus
1981
|
| Serie: | Colección Ensayistas, 188
|
| Soggetti: | |
| Tags: |
Aggiungi Tag
Nessun Tag, puoi essere il primo ad aggiungerne!!
|
MARC
| LEADER | 00000nam a2200000 a 4500 | ||
|---|---|---|---|
| 001 | UCW8017 | ||
| 003 | CL-VaPUC | ||
| 008 | 880321e19810000SP |||||||||||||||||spa|d | ||
| 082 | 0 | 4 | |a 189 |b GAR |2 21 |
| 100 | |a Garín, Eugenio |e autor |9 491158 | ||
| 245 | 1 | 0 | |a Medioevo y renacimiento: estudios e investigaciones |
| 300 | |a 257 p | ||
| 942 | |c BK | ||
| 945 | |d 19880321 00:00:00 | ||
| 260 | |a Madrid |b Taurus |c 1981 | ||
| 650 | 0 | |a Filosofía medieval |9 256245 | |
| 650 | 0 | |a Filosofía renacentista |9 268121 | |
| 583 | |a last modification |c 19880321 00:00:00 |k Rodrigo Vera | ||
| 490 | 0 | |a Colección Ensayistas, 188 | |
| 999 | |c 220531 |d 220529 | ||
| 952 | |0 0 |1 0 |4 0 |6 189_000000000000000_GAR_1981 |7 0 |8 A |9 212881 |a BIBEDU |b BIBEDU |d 2019-11-15 |i 2811855 |o 189 GAR 1981 |p 2811855 |r 2019-11-15 |w 2019-11-15 |y BK |k LIT | ||